000 00848nam a2200169 u 4500
001 000230743
003 AM-YeHGA
005 20250618071551.0
008 030513s1945 ai r 000 0 arm d
040 _aAM-YeHGA
245 0 0 _aԿոլխոզնիկներին հակաօդային և հակաքիմիական պաշտպանության մասին :
_b«Պատրաստ ՀՕՔՊ-ի» 1-ին աստիճանի նորմաները հանձնելու պատրաստման ձեռնարկ գյուղ. բնակչ. համար /
_cՊատ. խմբ.՝ Վ. Գրիգորյան.
260 _aԵրևան :
_bՀայպետհրատ,
_c1945.
300 _a135 էջ :
_bնկ. ;
_c20 սմ.
650 1 4 _aՔաղաքացիական պաշտպանություն
_94995
700 1 _aԳրիգորյան, Վահան Արմենակի,
_d1905-1989
_eխմբ.
_4edt
_91650
090 _c82592
999 _c81324
_d81324